|
|
|
|
| LEADER |
00000nam a22000007a 4500 |
| 005 |
20210817133733.0 |
| 007 |
cr|||| |||| |
| 008 |
210817s2013 ca |||||s|||| 00||0 eng d |
| 020 |
|
|
|a 978-1-55221-356-8
|
| 035 |
|
|
|a 34941
|
| 040 |
|
|
|a vLex
|
| 090 |
|
|
|c 12032
|d 12032
|
| 100 |
1 |
|
|a Trotter, Gary T.
|
| 245 |
1 |
0 |
|a Understanding Bail in Canada
|h [Recurso electrn̤ico] /
|c Gary T. Trotter
|
| 256 |
|
|
|a Servicio en ln̕ea
|
| 260 |
|
|
|a Toronto:
|b Irwin Law Inc.,
|c 2013
|
| 300 |
|
|
|a 1 recurso electrn̤ico
|
| 506 |
1 |
|
|a Disponible solo en los productos indicados
|d vLex Global
|d vLex Global (Academic Edition, excluding Law Schools)
|d vLex Global (U.S. Academic Edition, Law Schools)
|d vLex Global (U.S. Academic Edition, excluding Law Schools)
|d vLex Global (Academic Edition, Law Schools)
|
| 650 |
0 |
4 |
|a Derecho Civil
|z Canad̀
|
| 740 |
0 |
|
|a vLex Libros (Servicio en ln̕ea)
|
| 856 |
4 |
0 |
|u https://app.vlex.com/#/sources/34941
|z Acceso restringido
|
| 942 |
|
|
|c BOOK
|
| 999 |
0 |
|
|a Civil Law
|